First Names of Poets Quiz - Statistics

General Stats
  • This quiz has been taken 767 times
    618 since last reset
  • The average score is 15 of 30
Answer Stats
First Name Last Name % Correct
William Shakespeare
99%
Edgar Poe
96%
Emily Dickinson
88%
Rudyard Kipling
84%
Walt Whitman
83%
Robert Frost
80%
John Keats
77%
Alfred Tennyson
74%
Maya Angelou
71%
Percy Shelley
69%
Ezra Pound
68%
Samuel Coleridge
63%
Thomas Eliot
61%
Ralph Emerson
53%
Pablo Neruda
52%
Edward Cummings
45%
Henry Longfellow
45%
Langston Hughes
44%
Dylan Thomas
43%
Shel Silverstein
39%
George Gordon
33%
Ben Jonson
31%
Carl Sandburg
31%
Johann von Goethe
27%
Emma Lazarus
21%
Richard Lovelace
20%
Paul Dunbar
17%
Theodore Roethke
16%
Oliver Holmes
12%
Ernest Thayer
6%
No matching quizzes found
Score Distribution
Percent of People with Each Score
Percentile by Number Answered
Your Score History
You have not taken this quiz since the last reset